000 00314pam a2200133a 44500
008 230405s xxu||||| |||| 00| 0 eng d
041 _aENG
100 _aMS.DEEPTI BABBAR
245 _aCATALOGING THEORY
_bB.LIB.
260 _aPune
_bSWASTIK PUBLISHING HOU.
_c
300 _a413
690 _aDONETED
906 _a7502
999 _c288313
_d288313